Rozpoznaj kraj po jego banknocie - Statystyki

Ogólne statystyki
  • Ten quiz został rozwiązany 39 razy
  • Średni wynik to 10 z 16
Statystyki odpowiedzi
Obrazkowy Odpowiedź % Poprawnych
Indie
100%
Stany Zjednoczone
87%
Arabia Saudyjska
81%
Japonia
74%
Turcja
71%
Tajlandia
68%
Nigeria
65%
Australia
61%
Kanada
61%
Meksyk
61%
Argentyna
52%
Zimbabwe
52%
Pakistan
45%
Rumunia
42%
Maroko
32%
Bhutan
26%
Nie znaleziono quizów pasujących do podanych kryteriów
Rozkład punktacji
Procent ludzi z każdym wynikiem
Percentyl według liczby udzielonych odpowiedzi
Twoja historia wyników
Nie rozwiązałeś tego quizu